Formula One Constructors Starting With V - Statistics

General Stats
  • This quiz has been taken 17 times
  • The average score is 3 of 5
Answer Stats
Season Races Constructor % Correct
1954–1960 29 Vanwall
82%
2010–2011 38 Virgin
82%
2024– 48 VCARB (Racing Bulls)
73%
1992 16 Venturi
36%
1951–1953 6 Veritas
9%
No matching quizzes found
Score Distribution
Percent of People with Each Score
Percentile by Number Answered
Your Score History
You have not taken this quiz